01289nam a22003257a 4500003000500000005001700005008004100022010001000063011001000073035001000083040000900093082001700102100004500119245020600164260005200370300000700422590004100429590004100470590004100511590004100552590004100593590004200634650003000676700003900706901000700745942001000752949006000762999001700822952012400839CHAP20220329140652.0971013s1896 r 00010 d a55719 a56691 a60844 cCHAP a349.726bY83 aYucatán. Leyes, decretos, etc.9175438 aColección de leyes, decretos, órdenes y demás disposiciones de tendencia general expedidas por los poderes legislativo y ejecutico del estado de Yucatán, formada con autorización del gobierno aMérida :bTipografía de G. Canto,c1896 (?) av. aBATCH-UPDb10c20130110lUCH01h0422 aBATCH-UPDb10c20130110lUCH01h2347 aBATCH-UPDb10c20130410lUCH01h0057 aBATCH-UPDb10c20130410lUCH01h1635 aBATCH-UPDb10c20130914lUCH01h0941 aCONVERSIONb10c20130109lUCH01h133014aYucatánxLeyes.91233260 aCisneros Cámara, Antonio.923440 aBK cLIBRO a349.726 Y83bBCcBPPd-130928eBPPfv.3h6919i60844si c55719d55719 00102ddc4051708FRaBCbBCd2019-12-31fLIBROl0o349.726 Y83p-130928r2019-12-31 00:00:00tv.3w2019-12-31yLIBRO